Menopause without medicine : feel healthy,look younger,live longer

Bibliographic Details
Main Author: Ojeda, Linda
Format: Book
Published: California : Thorsons Publishing Group , 1990
Subjects:

MARC

LEADER 00000cam a2200000 7i4500
001 0000008765
002 000009557
005 20000330.0
020 |a 0722521677 
090 0 0 |a 618.175   |b OJE 
100 1 |a Ojeda, Linda 
245 1 0 |a Menopause without medicine :   |b feel healthy,look younger,live longer   |c Linda Ojeda 
260 |a California :   |b Thorsons Publishing Group ,   |c 1990 
300 |a 256p. :   |b ill ;   |c 21cm. 
650 0 0 |a Menopause   |x Physiological aspects 
999 |a 021471   |b BUKU   |c PINJAMAN   |e PERPUSTAKAAN KOMUNITI PETALING JAYA